New patterns of management
Gespeichert in:
| 1. Verfasser: | |
|---|---|
| Format: | Buch |
| Sprache: | Undetermined |
| Veröffentlicht: |
Tokyo
McGraw-Hill Kogakusha, LTD.
1961
|
| Schlagworte: | |
| Tags: |
Tag hinzufügen
Keine Tags, Fügen Sie den ersten Tag hinzu!
|
| Thư viện lưu trữ: | Trung tâm Học liệu Trường Đại học Cần Thơ |
|---|
| LEADER | 00480nam a2200181Ia 4500 | ||
|---|---|---|---|
| 001 | CTU_86243 | ||
| 008 | 210402s9999 xx 000 0 und d | ||
| 082 | |a 658.018 | ||
| 082 | |b L693 | ||
| 100 | |a Likert, Rensis | ||
| 245 | 0 | |a New patterns of management | |
| 245 | 0 | |c Rensis Likert | |
| 260 | |a Tokyo | ||
| 260 | |b McGraw-Hill Kogakusha, LTD. | ||
| 260 | |c 1961 | ||
| 650 | |a Industrial management | ||
| 904 | |i Năm | ||
| 980 | |a Trung tâm Học liệu Trường Đại học Cần Thơ | ||